UBT Library

TITULLI I LIBRIT (Record no. 60739)

000 -LEADER
fixed length control field 00651nam a22001457a 4500
008 - FIXED-LENGTH DATA ELEMENTS--GENERAL INFORMATION
fixed length control field 251222b ||||| |||| 00| 0 eng d
020 ## - INTERNATIONAL STANDARD BOOK NUMBER
International Standard Book Number E SHKRUN ISBN QETU
041 ## - LANGUAGE CODE
Language code of text/sound track or separate title eng QETU NESE OSHT ANGLISHT E LEN ENG NESE OSHT SHQIP E LEN ALB
080 ## - UNIVERSAL DECIMAL CLASSIFICATION NUMBER
Universal Decimal Classification number NUMRI DECIMAL E SHIKON NE LIBER NE FILLIM OSE NE FUND E KI
082 ## - DEWEY DECIMAL CLASSIFICATION NUMBER
Edition number EDICIONI I LIBRIT PSH 14th OSE 1st
100 ## - Rafti
Rafti RAFTI KU KE ME VENDOS LIBREN
101 ## - Shkurtesa
Shkurtesa SHKURTESA E RAFTIT PSH TE MEDICINE - MED TANA SHKO SIPER LART
245 ## - TITLE STATEMENT
Title TITULLI I LIBRIT
Statement of responsibility, etc EMRI I AUTORIT , SE PARI MBIEMRIN TANA EMRIN ME PREJSE NESE KI MA SHUM AUTOR
942 ## - ADDED ENTRY ELEMENTS (KOHA)
Source of classification or shelving scheme
Item type Books
Edition EDICIONIN E SHKRUN EDHE E BAN SAVE NALT
Holdings
Withdrawn status Lost status Source of classification or shelving scheme Damaged status Not for loan Permanent location Current location Shelving location Date acquired Total Checkouts Barcode Date last seen Price effective from Koha item type
          UBT - Lipjan UBT - Lipjan Koleksioni i përgjithshem 12/22/2025   BARCODIN E QET KTU 12/22/2025 12/22/2025 Books
UBT Library © 2015-2024. All rights reserved University Education for Business and Technology